Datum a čas kvízu
41
Celkem bodů
Celkový počet nahraných bodů na tomto kvízu bez doplňovacích otázek.
1.
Pořadí na kvízu
Konečné umístění týmu na tomto kvízu.
Zaznamenané odpovědi
| # | Otázka | Odpověď | Body | Výsledky |
|---|---|---|---|---|
| 1. | V pondělí jsme se dozvěděli, ž... | nedodržení bezpečné vzdálenosti | 0 | |
| 2. | Zaměstnanec letiště Johna F. K... | C) živá kočka | 0 | |
| 3. | Jistá česká herečka má oficiál... | Simona Stašová | 1 | |
| 4. | V pondělí, po pěti dnech letu,... | Orion | 0 | |
| 5. | V jednom z pátečních zápasů pr... | Walesu | 1 | |
| 6. | V následujících pěti otázkách... | C) 5,68 půllitrů | 0 | |
| 7. | Která z následujících jednotek... | B | 1 | |
| 8. | Jaký odpor v ohmech má spotřeb... | 20 Ω | 0 | |
| 9. | Přiřaďte tyto jednotky k přísl... | 1A 2C 3D 4B | 1 | |
| 10. | Bušl je stará objemová a hmotn... | A | 1 |